LIBRARY ONLINE CATALOGUE

Nursing Leadership and Management (Record no. 15606)

MARC details
000 -LEADER
fixed length control field 00612nam a22001817a 4500
008 - FIXED-LENGTH DATA ELEMENTS--GENERAL INFORMATION
fixed length control field 160209b xxu||||| |||| 00| 0 eng d
020 ## - INTERNATIONAL STANDARD BOOK NUMBER
International Standard Book Number 0803613621
100 ## - MAIN ENTRY--PERSONAL NAME
Personal name Patronis-Jones Rebecca A.
245 ## - TITLE STATEMENT
Title Nursing Leadership and Management
Remainder of title Theories, Processes and Practice
Statement of responsibility, etc. Rebecca A. Patronis-Jones
260 ## - PUBLICATION, DISTRIBUTION, ETC. (IMPRINT)
Place of publication, distribution, etc. USA
Name of publisher, distributor, etc. F.A Davis Company
Date of publication, distribution, etc. 2007
300 ## - PHYSICAL DESCRIPTION
Extent xxi, 452 p.
Other physical details ill.
650 ## - SUBJECT ADDED ENTRY--TOPICAL TERM
Source of heading or term Nursing Services
650 ## - SUBJECT ADDED ENTRY--TOPICAL TERM
Source of heading or term Nursing Administration
650 ## - SUBJECT ADDED ENTRY--TOPICAL TERM
Source of heading or term Nursing Administrators
650 ## - SUBJECT ADDED ENTRY--TOPICAL TERM
Source of heading or term Nursing Supervisory
650 ## - SUBJECT ADDED ENTRY--TOPICAL TERM
Source of heading or term Nursing Leadership
942 ## - ADDED ENTRY ELEMENTS (KOHA)
Source of classification or shelving scheme Library of Congress Classification
Koha item type General Collection
Classification part RT 89
Call number prefix .J 66 2007 c.1
Holdings
Withdrawn status Lost status Source of classification or shelving scheme Not for loan Home library Current library Shelving location Date acquired Cost, normal purchase price Total Checkouts Total Renewals Full call number Barcode Date last seen Date last checked out Copy number Price effective from Koha item type
    Library of Congress Classification   Kabarak, Main Campus Kabarak, Main Campus General Stacks 09/02/2016 6372.60 10 1 RT89 .J 66 2007 . C.1 016699 27/09/2025 18/09/2025 c.1 09/02/2016 General Collection